World investment report 2001 : Promoting linkages (Record no. 41879)

MARC details
000 -LEADER
fixed length control field 00295nam a2200109Ia 4500
020 ## - INTERNATIONAL STANDARD BOOK NUMBER
ISBN 8185040559
082 ## - DEWEY DECIMAL CLASSIFICATION NUMBER
Classification number 339.92(047)
Item number WOR
245 #0 - TITLE STATEMENT
Title World investment report 2001 : Promoting linkages
260 ## - PUBLICATION, DISTRIBUTION, ETC. (IMPRINT)
Place of publication New Delhi
Name of publisher Bookwell
Year of publication 2001
942 ## - ADDED ENTRY ELEMENTS (KOHA)
Koha item type Books
Holdings
Withdrawn status Lost status Damaged status Not for loan Home library Current library Date acquired Cost, normal purchase price Full call number Accession Number Koha item type
        RRII Library RRII Library 16/12/2021 795.00 339.92(047) WOR 22162 Books